[Event "5. ODEM U25 2008"]
[Site "Willingen GER"]
[Date "2008.05.12"]
[Round "3"]
[White "Melzer, Marcel"]
[Black "Zuferi, Enis"]
[Result "0-1"]
[Termination "normal"]
[Board "36"]
[WhiteElo "1745"]
[BlackElo "1462"]
[PlyCount "126"]
[WhiteFideId "24671886"]
[BlackFideId "24692530"]
[EventCountry "GER"]
[EventRounds "9"]
[EventType "swiss"]
[EventDate "2008.05.10"]

1. d4 Nf6 2. c4 g6 3. Nc3 d5 4. Bf4 dxc4 5. e3 Bg7 6. Bxc4 O-O 7. Nf3 c6 8. O-O
Nbd7 9. Qe2 Nb6 10. Bb3 Bg4 11. Rfd1 Nbd5 12. Be5 Nxc3 13. bxc3 Ne4 14. Bxg7
Kxg7 15. Rac1 Qa5 16. Qc2 Ng5 17. Qe2 Qf5 18. Qd3 Nxf3+ 19. gxf3 Qxf3 20. e4
Qf6 21. Re1 Bf3 22. Qe3 Rad8 23. Bd1 Bxd1 24. Rcxd1 Qd6 25. c4 b5 26. c5 Qe6
27. d5 cxd5 28. exd5 Rxd5 29. Qxe6 fxe6 30. Rxd5 exd5 31. Rxe7+ Rf7 32. Re6 Rc7
33. c6 Kf7 34. Rd6 Ke7 35. Rxd5 a6 36. a4 bxa4 37. Ra5 Rxc6 38. Rxa4 Kd7 39.
Kg2 Kc7 40. Kf3 Kb6 41. h4 Kb5 42. Re4 a5 43. Ke2 Rc2+ 44. Ke1 Rc4 45. Re5+ Kb4
46. h5 a4 47. hxg6 hxg6 48. Re6 g5 49. Rb6+ Kc3 50. Kd1 Rd4+ 51. Kc1 Rb4 52.
Rc6+ Kd3 53. Re6 Rf4 54. Re3+ Kc4 55. f3 Kb4 56. Kb2 Rh4 57. Ka2 Rh2+ 58. Kb1
Rf2 59. Ka1 Rc2 60. Re4+ Rc4 61. Re3 Rc3 62. Re4+ Kb3 63. f4 Rc1# 0-1

[Event "5. ODEM U25 2008"]
[Site "Willingen GER"]
[Date "2008.05.12"]
[Round "3"]
[White "Bergner, Philipp"]
[Black "Hauffen, Kai"]
[Result "1-0"]
[Termination "normal"]
[Board "37"]
[WhiteElo "1749"]
[BlackElo "1454"]
[PlyCount "101"]
[WhiteFideId "24664839"]
[EventCountry "GER"]
[EventRounds "9"]
[EventType "swiss"]
[EventDate "2008.05.10"]

1. d4 Nf6 2. c4 g6 3. Nc3 Bg7 4. e4 d6 5. Nf3 O-O 6. Be2 e5 7. O-O Nc6 8. d5
Nb8 9. b4 a5 10. bxa5 Rxa5 11. a4 Nh5 12. Re1 Nd7 13. Ba3 b6 14. Bb4 Ra8 15. a5
Nf4 16. Bf1 f5 17. axb6 Rxa1 18. bxc7 Rxd1 19. cxd8=Q Rxd8 20. Rxd1 Nf6 21.
exf5 Bxf5 22. Ng5 h6 23. Ne6 Nxe6 24. dxe6 Bf8 25. Nd5 Nxd5 26. cxd5 Rb8 27.
Bd2 Kg7 28. Be3 Be7 29. h3 Rb1 30. Rxb1 Bxb1 31. Bc4 Be4 32. f3 Bc2 33. Kf2 h5
34. Ke2 Bd8 35. Kd2 Ba4 36. Kc3 Ba5+ 37. Kb2 Bb4 38. Bb6 Kf8 39. Bd8 Ke8 40.
Bg5 Kf8 41. Ba6 Bc5 42. Kc3 Ba3 43. Bb7 Bc5 44. Kc4 Ke8 45. Bc6+ Bxc6 46. dxc6
Bb6 47. Kd5 Bc7 48. g4 hxg4 49. fxg4 Bb8 50. h4 Bc7 51. h5 1-0

[Event "5. ODEM U25 2008"]
[Site "Willingen GER"]
[Date "2008.05.12"]
[Round "3"]
[White "Hümmecke, Aaron"]
[Black "Stahnecker, Wieland"]
[Result "0-1"]
[Termination "normal"]
[Board "38"]
[WhiteElo "1466"]
[BlackElo "1733"]
[PlyCount "60"]
[WhiteFideId "24692522"]
[BlackFideId "4694481"]
[EventCountry "GER"]
[EventRounds "9"]
[EventType "swiss"]
[EventDate "2008.05.10"]

1. f4 d5 2. Nf3 Nf6 3. e3 e6 4. b3 Be7 5. Bb2 O-O 6. h3 c5 7. d3 Nc6 8. Be2 Rb8
9. O-O b5 10. Qe1 c4 11. Ng5 Bc5 12. Rf3 h6 13. Qg3 hxg5 14. Qxg5 Ne8 15. Qh5
Nb4 16. Rg3 f6 17. Na3 Qb6 18. d4 Bd6 19. Qg6 Qc7 20. c3 Nc6 21. h4 Qf7 22. Qc2
f5 23. Rg5 Nf6 24. h5 Ne4 25. Rg6 Ne7 26. Qd1 Nxg6 27. hxg6 Qxg6 28. Bh5 Qg3
29. Qe2 Rf6 30. Rf1 Qh4 0-1

[Event "5. ODEM U25 2008"]
[Site "Willingen GER"]
[Date "2008.05.12"]
[Round "3"]
[White "Usov, Andreas"]
[Black "Neitzel, Mirko"]
[Result "1/2-1/2"]
[Termination "normal"]
[Board "39"]
[WhiteElo "1461"]
[BlackElo "1720"]
[PlyCount "50"]
[WhiteFideId "24601713"]
[BlackFideId "24657298"]
[EventCountry "GER"]
[EventRounds "9"]
[EventType "swiss"]
[EventDate "2008.05.10"]

1. e4 c5 2. Nf3 Nc6 3. Nc3 d6 4. Bb5 Bd7 5. d3 g6 6. O-O Bg7 7. Bg5 Nf6 8. Qc1
O-O 9. Qf4 Nd4 10. Bxd7 Nxf3+ 11. Qxf3 Qxd7 12. h3 b5 13. Rab1 b4 14. Bxf6 bxc3
15. Bxg7 Kxg7 16. b3 a5 17. a4 Qb7 18. Qe3 Qb4 19. Ra1 Qd4 20. Rfe1 Rab8 21.
Qxd4+ cxd4 22. e5 d5 23. f4 Rfe8 24. Rf1 f5 25. Rf2 e6 1/2-1/2

[Event "5. ODEM U25 2008"]
[Site "Willingen GER"]
[Date "2008.05.12"]
[Round "3"]
[White "Müller, Johannes"]
[Black "Lang, Stephan"]
[Result "1-0"]
[Termination "normal"]
[Board "40"]
[WhiteElo "1719"]
[BlackElo "1451"]
[PlyCount "77"]
[WhiteFideId "24602191"]
[BlackFideId "24692557"]
[EventCountry "GER"]
[EventRounds "9"]
[EventType "swiss"]
[EventDate "2008.05.10"]

1. e4 c6 2. d4 d5 3. Nc3 dxe4 4. Nxe4 Bf5 5. Ng3 Bg6 6. h4 h5 7. Nf3 Nd7 8. Bd3
Bxd3 9. Qxd3 Ngf6 10. O-O e6 11. Ne4 Nxe4 12. Qxe4 Bd6 13. Bg5 Qc7 14. c4 Be7
15. Bxe7 Kxe7 16. Rad1 Rad8 17. Rfe1 Nf6 18. Qe3 Qd6 19. Ne5 Rhe8 20. Qb3 b6
21. Qa4 Kf8 22. Qxa7 Re7 23. Qxb6 Rc7 24. c5 Qe7 25. Nxc6 Rxc6 26. Qxc6 Nd5 27.
g3 Qa7 28. a3 Qb8 29. b4 Nc3 30. Rd3 Nb5 31. Red1 Nc7 32. a4 Nd5 33. Qb5 Nxb4
34. Qxb8 Rxb8 35. Rb3 Nc6 36. Rxb8+ Nxb8 37. d5 exd5 38. Rxd5 Ke7 39. Rxh5 1-0

[Event "5. ODEM U25 2008"]
[Site "Willingen GER"]
[Date "2008.05.12"]
[Round "3"]
[White "Voss, Mathieu"]
[Black "Ohnesorg, Felix"]
[Result "0-1"]
[Termination "normal"]
[Board "41"]
[WhiteElo "1452"]
[BlackElo "1711"]
[PlyCount "70"]
[BlackFideId "24653578"]
[EventCountry "GER"]
[EventRounds "9"]
[EventType "swiss"]
[EventDate "2008.05.10"]

1. e4 c5 2. Nc3 d6 3. f4 g6 4. Nf3 Bg7 5. d3 Nc6 6. Qd2 Bg4 7. Be2 Bxf3 8. Bxf3
Nd4 9. Qf2 e6 10. O-O Ne7 11. Be3 O-O 12. Kh1 Rb8 13. Rab1 b5 14. Bxd4 Bxd4 15.
Qe2 b4 16. Nd1 Re8 17. Qd2 a6 18. Re1 Qc7 19. Bg4 d5 20. e5 Red8 21. Qc1 c4 22.
dxc4 Qxc4 23. Be2 Qc6 24. Qd2 Ba7 25. Ne3 Bxe3 26. Qxe3 Qxc2 27. Bxa6 d4 28.
Qe2 d3 29. Qe4 b3 30. a3 d2 31. Qf3 dxe1=Q+ 32. Rxe1 Qxb2 33. Qe4 Qxa3 34. Bd3
b2 35. g4 Qxd3 0-1

[Event "5. ODEM U25 2008"]
[Site "Willingen GER"]
[Date "2008.05.12"]
[Round "3"]
[White "Koksch, Florian"]
[Black "Gheng, Hannelore"]
[Result "0-1"]
[Termination "normal"]
[Board "42"]
[WhiteElo "1866"]
[BlackElo "1439"]
[PlyCount "98"]
[WhiteFideId "24613584"]
[EventCountry "GER"]
[EventRounds "9"]
[EventType "swiss"]
[EventDate "2008.05.10"]

1. e4 c5 2. Nf3 d6 3. d4 cxd4 4. Nxd4 Nf6 5. Nc3 g6 6. Be2 Bg7 7. Be3 O-O 8.
Qd2 Nc6 9. f3 d5 10. O-O-O dxe4 11. fxe4 Ng4 12. Nxc6 Qxd2+ 13. Bxd2 bxc6 14.
Rdf1 Ne5 15. h4 Bg4 16. Bxg4 Nxg4 17. h5 Bxc3 18. Bxc3 Ne3 19. Rf3 Nc4 20. b3
Nd6 21. hxg6 fxg6 22. Rfh3 Nxe4 23. Bd4 Rf7 24. Re3 Nd6 25. Re6 Nf5 26. Bc5 Rf6
27. Re5 e6 28. Rd1 a6 29. g4 Nh6 30. g5 Nf7 31. gxf6 Nxe5 32. Bd4 Nd7 33. Bc3
Ra7 34. Rd6 Kf7 35. Bd4 Rc7 36. a4 Nxf6 37. Bb6 Rc8 38. c4 Ke7 39. Bc5 Ne4 40.
Rxc6+ Kd7 41. Rxc8 Kxc8 42. Be3 h5 43. Kd1 g5 44. Ke2 g4 45. Bf4 Nc5 46. Kf2
Nxb3 47. Kg3 Nd4 48. Be5 Nf3 49. c5 Nxe5 0-1

[Event "5. ODEM U25 2008"]
[Site "Willingen GER"]
[Date "2008.05.12"]
[Round "3"]
[White "Wenke, Andrea"]
[Black "Durmisi, Valon"]
[Result "0-1"]
[Termination "normal"]
[Board "43"]
[WhiteElo "1440"]
[BlackElo "1689"]
[PlyCount "110"]
[WhiteFideId "24677736"]
[EventCountry "GER"]
[EventRounds "9"]
[EventType "swiss"]
[EventDate "2008.05.10"]

1. e4 e5 2. Nf3 Nc6 3. d4 exd4 4. Nxd4 Nf6 5. Nc3 Bb4 6. Nxc6 bxc6 7. Bd3 O-O
8. O-O d5 9. Bg5 Bxc3 10. bxc3 Qd6 11. Qf3 Bg4 12. Bf4 Bxf3 13. Bxd6 Bxg2 14.
Bxf8 Bxf1 15. Be7 Bxd3 16. cxd3 Nd7 17. Rb1 Rb8 18. Rb3 f6 19. f4 Kf7 20. Ba3
Ke6 21. Kf2 Rb5 22. Ke3 a5 23. Kd4 dxe4 24. dxe4 Rh5 25. Rb7 c5+ 26. Kc4 Kd6
27. Rb5 a4 28. Rb2 Nb6+ 29. Kb5 Ke6 30. Bxc5 Nd7 31. f5+ Ke5 32. Re2 Nxc5 33.
Kxc5 Rh4 34. Kb4 Rh3 35. a3 c5+ 36. Kxc5 Rxc3+ 37. Kb4 Rb3+ 38. Kxa4 Rb1 39.
Ka5 Kd4 40. Rc2 Kxe4 41. Rc7 g6 42. fxg6 hxg6 43. Rc6 Ke5 44. a4 g5 45. Rb6 Rd1
46. Rb2 f5 47. Kb6 Ra1 48. a5 f4 49. a6 f3 50. a7 Kf4 51. Kb7 Ke3 52. a8=Q Rxa8
53. Kxa8 f2 54. Rb5 f1=Q 55. Rxg5 Qf8+ 0-1

[Event "5. ODEM U25 2008"]
[Site "Willingen GER"]
[Date "2008.05.12"]
[Round "3"]
[White "Laqua, Stefan"]
[Black "Biebinger, Eva"]
[Result "1/2-1/2"]
[Termination "normal"]
[Board "44"]
[WhiteElo "1684"]
[BlackElo "1429"]
[PlyCount "67"]
[WhiteFideId "4674634"]
[EventCountry "GER"]
[EventRounds "9"]
[EventType "swiss"]
[EventDate "2008.05.10"]

1. e4 d5 2. exd5 Qxd5 3. Nc3 Qa5 4. d4 c6 5. Bd3 Bf5 6. Nf3 e6 7. Bxf5 Qxf5 8.
O-O Nf6 9. Nh4 Qh5 10. Qxh5 Nxh5 11. Re1 Be7 12. Nf3 Nd7 13. Ne4 Ndf6 14. Bd2
Nxe4 15. Rxe4 Nf6 16. Re2 Rd8 17. c3 h6 18. Rae1 O-O 19. Ne5 c5 20. dxc5 Bxc5
21. b4 Bb6 22. c4 Bc7 23. Bc3 Rd6 24. a4 Rfd8 25. Kf1 Nd7 26. c5 Rd5 27. Nf3
Rd3 28. Rc2 a6 29. Ke2 Nf6 30. b5 axb5 31. axb5 R8d5 32. Ra1 Ne4 33. Be5 Bxe5
34. Nxe5 1/2-1/2

[Event "5. ODEM U25 2008"]
[Site "Willingen GER"]
[Date "2008.05.12"]
[Round "3"]
[White "Nake, Marianne"]
[Black "Gerntke, Oliver"]
[Result "1/2-1/2"]
[Termination "normal"]
[Board "45"]
[WhiteElo "1427"]
[BlackElo "1796"]
[PlyCount "70"]
[BlackFideId "24647977"]
[EventCountry "GER"]
[EventRounds "9"]
[EventType "swiss"]
[EventDate "2008.05.10"]

1. e4 c5 2. Nc3 e6 3. g3 Nc6 4. Bg2 b6 5. f4 Bb7 6. Nf3 d6 7. O-O Be7 8. d3 Nf6
9. h3 Qd7 10. Be3 h6 11. Qd2 Nh7 12. Rae1 Rg8 13. Nh2 Nd4 14. Ne2 Nxe2+ 15.
Rxe2 O-O-O 16. Ree1 d5 17. exd5 Bxd5 18. b3 Bxg2 19. Qxg2 Qd5 20. Qxd5 Rxd5 21.
Nf3 Bf6 22. Rf2 Rgd8 23. Kg2 Nf8 24. g4 Ng6 25. Kg3 Ne7 26. h4 Nc6 27. a3 Bc3
28. Ree2 Nd4 29. Nxd4 cxd4 30. Bd2 Rc5 31. Bxc3 Rxc3 32. f5 Rd6 33. fxe6 Rxe6
34. Rxe6 fxe6 35. Kf4 Rc5 1/2-1/2

[Event "5. ODEM U25 2008"]
[Site "Willingen GER"]
[Date "2008.05.12"]
[Round "3"]
[White "Häcker, Katrin"]
[Black "Dietz, Daniel"]
[Result "1-0"]
[Termination "normal"]
[Board "46"]
[WhiteElo "1663"]
[BlackElo "1421"]
[PlyCount "85"]
[WhiteFideId "24667986"]
[EventCountry "GER"]
[EventRounds "9"]
[EventType "swiss"]
[EventDate "2008.05.10"]

1. e4 c5 2. Nf3 Nc6 3. d4 cxd4 4. Nxd4 g6 5. c4 Bg7 6. Nc2 Nf6 7. Nc3 O-O 8.
Be3 d6 9. Be2 Qc7 10. O-O Ne5 11. Na3 a6 12. f3 Bd7 13. Rc1 Qa5 14. Qb3 b5 15.
cxb5 axb5 16. Naxb5 Be6 17. Qd1 Nc4 18. Bf2 Nxb2 19. Qc2 Nc4 20. Nd5 Nxd5 21.
exd5 Bxd5 22. Bxc4 Rfc8 23. Qd3 Bxc4 24. Rxc4 Qxa2 25. Re4 Kf8 26. Qe3 Qa6 27.
Nd4 e5 28. Nb3 d5 29. Rb4 d4 30. Qe4 f5 31. Qd5 Rd8 32. Qc5+ Kf7 33. Qc7+ Kg8
34. Rb7 Qf6 35. Nc5 Rdc8 36. Nd7 Qf7 37. Qb6 Qc4 38. Qd6 d3 39. Nb6 Qb3 40. Qe7
Bh8 41. Qxh7+ Kf8 42. Nd7+ Ke8 43. Qxh8+ 1-0

[Event "5. ODEM U25 2008"]
[Site "Willingen GER"]
[Date "2008.05.12"]
[Round "3"]
[White "Bangert, Benjamin"]
[Black "Jorczik, Andreas"]
[Result "0-1"]
[Termination "normal"]
[Board "47"]
[WhiteElo "1227"]
[BlackElo "1820"]
[PlyCount "84"]
[WhiteFideId "24692654"]
[BlackFideId "24634921"]
[EventCountry "GER"]
[EventRounds "9"]
[EventType "swiss"]
[EventDate "2008.05.10"]

1. c4 e5 2. Nc3 Nc6 3. g3 d6 4. Bg2 Be6 5. d3 Qd7 6. Nf3 Bh3 7. O-O g6 8. a3
Bg7 9. b4 e4 10. Bxh3 Qxh3 11. Ng5 Qd7 12. Bd2 exd3 13. exd3 Nge7 14. Nf3 O-O
15. b5 Ne5 16. Nxe5 dxe5 17. Qe2 Rad8 18. Be3 Qxd3 19. Qxd3 Rxd3 20. Ne4 b6 21.
Rfd1 Rfd8 22. Rd2 f5 23. Bg5 Kf7 24. Rxd3 Rxd3 25. Nd2 e4 26. Ra2 h6 27. Bf4 c6
28. Bb8 Rd7 29. a4 Rb7 30. Bf4 g5 31. Be3 c5 32. a5 Be5 33. a6 Rd7 34. f4 Bd4
35. Kf2 Bxe3+ 36. Kxe3 Rd3+ 37. Ke2 gxf4 38. gxf4 Ng6 39. Nf1 Nxf4+ 40. Ke1 Rf3
41. Rd2 Nd3+ 42. Ke2 Rf2+ 0-1

[Event "5. ODEM U25 2008"]
[Site "Willingen GER"]
[Date "2008.05.12"]
[Round "3"]
[White "Klein, Maren"]
[Black "Eigemann, Julian"]
[Result "0-1"]
[Termination "normal"]
[Board "48"]
[WhiteElo "1025"]
[BlackElo "1604"]
[PlyCount "78"]
[BlackFideId "24666599"]
[EventCountry "GER"]
[EventRounds "9"]
[EventType "swiss"]
[EventDate "2008.05.10"]

1. e4 d5 2. exd5 Qxd5 3. Nc3 Qa5 4. d4 c6 5. Nf3 Bf5 6. Bc4 Nf6 7. Bd2 Qc7 8.
Qe2 e6 9. O-O-O Nbd7 10. d5 cxd5 11. Nb5 Qxc4 12. Qxc4 dxc4 13. Nc7+ Kd8 14.
Nxa8 Bd6 15. Nd4 Kc8 16. Nb5 Bc5 17. Bf4 e5 18. Be3 Bxe3+ 19. fxe3 Kb8 20. Nac7
a6 21. Nd6 Bg4 22. Nxa6+ bxa6 23. Rd2 Be6 24. b3 cxb3 25. axb3 Ng4 26. Nxf7
Bxf7 27. Rxd7 Bg6 28. Rxg7 Nxe3 29. Re1 Nf5 30. Rd7 Re8 31. Re4 Nd4 32. Re3
Nxc2 33. Rc3 Nd4 34. Rcc7 Rc8 35. Rxc8+ Kxc8 36. Rd5 Nc6 37. Rc5 Kd7 38. Rd5+
Ke6 39. Ra5 Nxa5 0-1

[Event "5. ODEM U25 2008"]
[Site "Willingen GER"]
[Date "2008.05.12"]
[Round "3"]
[White "Schirra, Felix"]
[Black "Hentschel, Tobias"]
[Result "1-0"]
[Termination "normal"]
[Board "50"]
[WhiteElo "1197"]
[BlackElo "1812"]
[PlyCount "51"]
[WhiteFideId "24692662"]
[EventCountry "GER"]
[EventRounds "9"]
[EventType "swiss"]
[EventDate "2008.05.10"]

1. e4 c5 2. Nf3 Nc6 3. d4 cxd4 4. Nxd4 d6 5. Nc3 g6 6. Bc4 Bg7 7. Be3 Bd7 8.
Qd2 Nf6 9. f3 O-O 10. O-O-O Rb8 11. Nxc6 bxc6 12. Bxa7 Rb7 13. Be3 c5 14. e5
Qb6 15. Bb3 dxe5 16. Nd5 Qb5 17. Nc3 Qb6 18. Nd5 Qb5 19. Nc3 Qc6 20. Nd5 Re8
21. Nxf6+ Bxf6 22. Bd5 Qa4 23. Bxb7 Qxa2 24. Qxd7 Qa1+ 25. Kd2 Qa5+ 26. Ke2 1-0

[Event "5. ODEM U25 2008"]
[Site "Willingen GER"]
[Date "2008.05.12"]
[Round "3"]
[White "Janiesch, Maike"]
[Black "Voggenreiter, Sara"]
[Result "1-0"]
[Termination "normal"]
[Board "52"]
[WhiteElo "1698"]
[BlackElo "1594"]
[PlyCount "97"]
[BlackFideId "24615358"]
[EventCountry "GER"]
[EventRounds "9"]
[EventType "swiss"]
[EventDate "2008.05.10"]

1. d4 d5 2. Bg5 Bf5 3. Nf3 Nd7 4. e3 Ngf6 5. c4 e6 6. Nc3 c6 7. cxd5 cxd5 8.
Qa4 a6 9. Bxf6 Qxf6 10. Qb3 Rb8 11. Be2 Bd6 12. Rc1 O-O 13. h3 Be7 14. g4 Be4
15. Nxe4 dxe4 16. Nd2 Qg6 17. Rc7 Rfd8 18. Rxb7 Rbc8 19. Bc4 Bh4 20. Ke2 a5 21.
Qb5 Nf6 22. Qxa5 Nd5 23. Bxd5 exd5 24. Rc7 Rb8 25. Qc3 Qf6 26. Rf1 Qa6+ 27. Kd1
Qxa2 28. Kc2 h6 29. Qa3 Qxa3 30. bxa3 Rd6 31. f3 Rdb6 32. fxe4 dxe4 33. Nxe4
Rb2+ 34. Kd3 f6 35. Rc3 Ra8 36. Nc5 Bg3 37. e4 Bd6 38. Rf3 Ra2 39. Kc4 Bxc5 40.
dxc5 Ra4+ 41. Kd5 Kf7 42. c6 Ra8 43. c7 Rc8 44. Kd6 Ke8 45. e5 fxe5 46. Kxe5
Re2+ 47. Kd6 Rd2+ 48. Kc6 Rd4 49. Rce3+ 1-0

[Event "5. ODEM U25 2008"]
[Site "Willingen GER"]
[Date "2008.05.12"]
[Round "3"]
[White "Holle, Eric"]
[Black "Popp, Maximilian"]
[Result "0-1"]
[Termination "normal"]
[Board "53"]
[WhiteElo "1400"]
[BlackElo "1560"]
[PlyCount "64"]
[WhiteFideId "4624610"]
[BlackFideId "24673668"]
[EventCountry "GER"]
[EventRounds "9"]
[EventType "swiss"]
[EventDate "2008.05.10"]

1. e4 e6 2. f4 d5 3. e5 c5 4. Nf3 Nc6 5. c3 Nge7 6. Na3 Ng6 7. d4 Be7 8. Nc2
O-O 9. Bd3 cxd4 10. cxd4 Nb4 11. O-O Nxd3 12. Qxd3 f6 13. Bd2 Bd7 14. Rac1 Qb6
15. a3 Bb5 16. Qb3 Bxf1 17. Qxb6 axb6 18. Rxf1 fxe5 19. fxe5 Rf7 20. Ng5 Rxf1+
21. Kxf1 Bxg5 22. Bxg5 Rf8+ 23. Ke2 Nf4+ 24. Bxf4 Rxf4 25. h3 g5 26. g3 Rf7 27.
b4 h5 28. Ne3 Rf8 29. Nc2 Kg7 30. Ne3 Kg6 31. g4 hxg4 32. hxg4 Rh8 0-1

[Event "5. ODEM U25 2008"]
[Site "Willingen GER"]
[Date "2008.05.12"]
[Round "3"]
[White "Wagner, Thomas"]
[Black "Kilic, Ahmet"]
[Result "1-0"]
[Termination "normal"]
[Board "54"]
[WhiteElo "1554"]
[BlackElo "1171"]
[PlyCount "45"]
[EventCountry "GER"]
[EventRounds "9"]
[EventType "swiss"]
[EventDate "2008.05.10"]

1. e4 e5 2. f4 Nc6 3. Bc4 Bc5 4. Nf3 exf4 5. d4 Be7 6. Bxf4 Nf6 7. Nc3 O-O 8.
O-O d6 9. Qd2 Be6 10. d5 Bxd5 11. Bxd5 Nxd5 12. Nxd5 Bf6 13. Nxf6+ Qxf6 14. c3
Rad8 15. Bg5 Qg6 16. Bxd8 Rxd8 17. Rae1 Re8 18. e5 dxe5 19. Nxe5 Nxe5 20. Rxe5
Qb6+ 21. Kh1 Qc6 22. Qd5 Qxd5 23. Rxe8# 1-0

[Event "5. ODEM U25 2008"]
[Site "Willingen GER"]
[Date "2008.05.12"]
[Round "3"]
[White "Meiser, Michael"]
[Black "Weber, Yannik"]
[Result "1-0"]
[Termination "normal"]
[Board "55"]
[WhiteElo "1490"]
[BlackElo "1057"]
[PlyCount "85"]
[WhiteFideId "24659762"]
[BlackFideId "24692700"]
[EventCountry "GER"]
[EventRounds "9"]
[EventType "swiss"]
[EventDate "2008.05.10"]

1. e4 e5 2. Nf3 Nc6 3. Bb5 a6 4. Ba4 Nf6 5. O-O b5 6. Bb3 Be7 7. Re1 O-O 8. c3
Na5 9. Nxe5 d6 10. Nf3 Bb7 11. Bc2 Re8 12. d4 c5 13. Bf4 cxd4 14. cxd4 d5 15.
e5 Nh5 16. Qd3 g6 17. Be3 Nc4 18. Bc1 Qa5 19. b3 Bb4 20. Re2 Na3 21. Nxa3 Bxa3
22. Bd2 Bb4 23. a3 Bxd2 24. Rxd2 Rac8 25. b4 Qb6 26. Ng5 Re7 27. Qh3 Rc4 28.
Rad1 Bc8 29. Qh4 Rxe5 30. g4 Nf6 31. h3 Re7 32. Nxh7 Re6 33. Ng5 Qc7 34. Nxe6
Bxe6 35. Bxg6 fxg6 36. Qxf6 Bf7 37. Qxa6 Rc3 38. Rd3 Rc2 39. Qxb5 Qf4 40. Rf1
Be6 41. Qe8+ Kh7 42. Qxe6 Qh6 43. Rf3 1-0

[Event "5. ODEM U25 2008"]
[Site "Willingen GER"]
[Date "2008.05.12"]
[Round "3"]
[White "Wang, Julia"]
[Black "Kreyssig, Bruno"]
[Result "1-0"]
[Termination "normal"]
[Board "56"]
[WhiteElo "1432"]
[BlackElo "1034"]
[PlyCount "97"]
[WhiteFideId "24692565"]
[BlackFideId "4692489"]
[EventCountry "GER"]
[EventRounds "9"]
[EventType "swiss"]
[EventDate "2008.05.10"]

1. e4 e5 2. f4 d5 3. exd5 e4 4. Nc3 Nf6 5. d3 Bb4 6. Bd2 Qe7 7. Qe2 Bf5 8. dxe4
Bxc3 9. Bxc3 Qxe4 10. Qxe4+ Bxe4 11. O-O-O O-O 12. d6 Rd8 13. dxc7 Rxd1+ 14.
Kxd1 Nc6 15. Ne2 Rc8 16. Ng3 Bd5 17. Be2 Rxc7 18. Rg1 Rd7 19. Kc1 Re7 20. Bd3
Ne4 21. Nf5 Nxc3 22. Nxe7+ Nxe7 23. bxc3 Bxa2 24. Re1 Ng6 25. Re8+ Nf8 26.
Bxh7+ Kxh7 27. Rxf8 Bd5 28. g3 Be4 29. Rxf7 Bd5 30. Re7 Bc6 31. f5 Kg8 32. g4
Bf3 33. g5 Bg4 34. f6 gxf6 35. gxf6 Bh5 36. Rxb7 a5 37. c4 a4 38. c5 a3 39. Kb1
Bf7 40. c6 a2+ 41. Ka1 Bd5 42. Rg7+ Kh8 43. c7 Be6 44. h4 Bf5 45. h5 Be6 46. h6
Bf5 47. f7 Be6 48. f8=Q+ Bg8 49. Qxg8# 1-0

[Event "5. ODEM U25 2008"]
[Site "Willingen GER"]
[Date "2008.05.12"]
[Round "3"]
[White "Kuckling, Jonas"]
[Black "Hager, Jason Armin"]
[Result "1-0"]
[Termination "normal"]
[Board "57"]
[WhiteElo "1420"]
[BlackElo "1013"]
[PlyCount "47"]
[WhiteFideId "24603856"]
[EventCountry "GER"]
[EventRounds "9"]
[EventType "swiss"]
[EventDate "2008.05.10"]

1. d4 d5 2. c4 Nf6 3. Nc3 Nc6 4. Bg5 e6 5. Nf3 Be7 6. e3 Ne4 7. Nxe4 dxe4 8.
Bxe7 Qxe7 9. Nd2 Qb4 10. b3 e5 11. a3 Qc3 12. dxe5 Nxe5 13. Be2 Nd3+ 14. Bxd3
Qxd3 15. Qh5 Qc3 16. Rd1 g6 17. Qh4 f5 18. O-O Qd3 19. Nxe4 Qxf1+ 20. Kxf1 Be6
21. Qf6 Rg8 22. Qxe6+ Kf8 23. Ng5 Rg7 24. Qf6+ 1-0

[Event "5. ODEM U25 2008"]
[Site "Willingen GER"]
[Date "2008.05.12"]
[Round "3"]
[White "Erben, Katrin"]
[Black "Reksten, Daniel"]
[Result "0-1"]
[Termination "normal"]
[Board "58"]
[WhiteElo "946"]
[BlackElo "1400"]
[PlyCount "70"]
[WhiteFideId "24692743"]
[BlackFideId "24692590"]
[EventCountry "GER"]
[EventRounds "9"]
[EventType "swiss"]
[EventDate "2008.05.10"]

1. e4 c6 2. d4 d5 3. e5 Bf5 4. Bd3 Bxd3 5. Qxd3 e6 6. f4 Nd7 7. Nf3 Bb4+ 8. c3
Ba5 9. O-O Ne7 10. Nh4 Qc7 11. f5 Bb6 12. Bf4 g6 13. f6 Nf5 14. Nxf5 gxf5 15.
Qg3 O-O-O 16. b4 Rdg8 17. Qe3 Rg6 18. a4 a6 19. a5 Ba7 20. Rf2 h5 21. h3 Rhg8
22. Nd2 Nf8 23. Nb3 Nh7 24. Rc1 Ng5 25. h4 Ne4 26. Re2 Rg4 27. Qh3 Rxf4 28. Qh2
Qxe5 29. Nc5 Bxc5 30. bxc5 Qc7 31. Rb1 Nxc3 32. Re5 Rxd4 33. Rb3 Ne4 34. Qf4
Rg4 35. Qh6 Rd1+ 0-1

[Event "5. ODEM U25 2008"]
[Site "Willingen GER"]
[Date "2008.05.12"]
[Round "3"]
[White "Hager, Julius"]
[Black "Arnold, Sebastian"]
[Result "0-1"]
[Termination "normal"]
[Board "59"]
[WhiteElo "901"]
[BlackElo "1366"]
[PlyCount "124"]
[BlackFideId "24692603"]
[EventCountry "GER"]
[EventRounds "9"]
[EventType "swiss"]
[EventDate "2008.05.10"]

1. e4 e5 2. Bc4 Nf6 3. d3 Nc6 4. Nf3 Bc5 5. O-O d6 6. Re1 Be6 7. Bb3 h6 8. Be3
Bb6 9. Nbd2 Qe7 10. Nc4 O-O-O 11. Nxb6+ axb6 12. Qd2 g5 13. Qc3 g4 14. Nh4 Rdg8
15. Nf5 Bxf5 16. exf5 d5 17. d4 e4 18. Ba4 Qd6 19. Bxc6 Qxc6 20. Qxc6 bxc6 21.
Bf4 Ne8 22. Be5 f6 23. Bf4 Ng7 24. Re3 Nxf5 25. Rc3 Nxd4 26. Kf1 Ne6 27. Bg3
Kb7 28. Re1 Ra8 29. a3 Ra5 30. b4 Ra4 31. Rb1 Rha8 32. Ra1 Nd4 33. Bf4 h5 34.
Bc1 Rxb4 35. Ke1 Nb5 36. Re3 Rc4 37. Kd2 Nd4 38. Rc3 Rxc3 39. Kxc3 Ne2+ 40. Kd2
Nxc1 41. Kxc1 h4 42. Kd1 f5 43. Ke2 f4 44. c3 Ra4 45. f3 g3 46. h3 e3 47. Kd3
b5 48. Ke2 c5 49. Kd3 Kc6 50. Ra2 Kd6 51. Ra1 b4 52. cxb4 cxb4 53. Ra2 Rxa3+
54. Rxa3 bxa3 55. Kc2 a2 56. Kb2 e2 57. Kxa2 e1=Q 58. Kb2 Qd2+ 59. Kb1 c5 60.
Ka1 c4 61. Kb1 c3 62. Ka1 Qb2# 0-1

[Event "5. ODEM U25 2008"]
[Site "Willingen GER"]
[Date "2008.05.12"]
[Round "3"]
[White "Brand, Benedikt"]
[Black "Lang, Jan-Hendrik"]
[Result "1-0"]
[Termination "normal"]
[Board "60"]
[WhiteElo "1314"]
[BlackElo "982"]
[PlyCount "65"]
[WhiteFideId "24683744"]
[EventCountry "GER"]
[EventRounds "9"]
[EventType "swiss"]
[EventDate "2008.05.10"]

1. e4 e5 2. Nf3 Nc6 3. Bc4 Nf6 4. O-O Bc5 5. d3 d5 6. exd5 Nxd5 7. Re1 Qd6 8.
d4 Nb6 9. Bb5 Bb4 10. c3 Bd7 11. Bxc6 Bxc6 12. Nxe5 O-O-O 13. Qg4+ Bd7 14. Nxd7
Qxd7 15. Qxd7+ Rxd7 16. cxb4 Rxd4 17. Be3 Rxb4 18. Bxb6 Rxb6 19. b3 Re6 20.
Rxe6 fxe6 21. Nc3 Rd8 22. Rd1 Rd6 23. Kf1 b5 24. Rxd6 cxd6 25. Nxb5 d5 26.
Nxa7+ Kc7 27. Nb5+ Kc6 28. Nd4+ Kd6 29. f4 e5 30. fxe5+ Kxe5 31. Nf3+ Ke4 32.
Ke2 h6 33. a4 1-0